London District Surveyors Association (Record no. 120184)
[ view plain ]
| 000 -LEADER | |
|---|---|
| fixed length control field | 00901cam a2200193 4500 |
| 001 - CONTROL NUMBER | |
| control field | WS119495 |
| 008 - FIXED-LENGTH DATA ELEMENTS--GENERAL INFORMATION | |
| fixed length control field | 020830n 000 0 eng u |
| 035 ## - SYSTEM CONTROL NUMBER | |
| System control number | (Sirsi) u119495 |
| 110 ## - MAIN ENTRY--CORPORATE NAME | |
| Corporate name or jurisdiction name as entry element | London District Surveyors Association |
| 9 (RLIN) | 949 |
| 245 ## - TITLE STATEMENT | |
| Title | London District Surveyors Association |
| 520 ## - SUMMARY, ETC. | |
| Summary, etc. | Web site for this organisation which seeks to guide its members in the use of building control legislation and ensure uniformity of interpretation amongst London's local authorities. Includes pages on the history of building in London, pages of frequently asked questions and links to the London borough web sites. |
| 650 ## - SUBJECT ADDED ENTRY--TOPICAL TERM | |
| Topical term or geographic name entry element | ORGANISATION |
| 650 ## - SUBJECT ADDED ENTRY--TOPICAL TERM | |
| Topical term or geographic name entry element | LONDON |
| 650 ## - SUBJECT ADDED ENTRY--TOPICAL TERM | |
| Topical term or geographic name entry element | BUILDING CONTROL |
| 9 (RLIN) | 6222 |
| 650 ## - SUBJECT ADDED ENTRY--TOPICAL TERM | |
| Topical term or geographic name entry element | LOCAL AUTHORITIES |
| 690 ## - LOCAL SUBJECT ADDED ENTRY--TOPICAL TERM (OCLC, RLIN) | |
| Topical term or geographic name as entry element | BUILT ENVIRONMENT |
| 856 40 - ELECTRONIC LOCATION AND ACCESS | |
| Uniform Resource Identifier | <a href="https://www.buildingcontrol.org/ldsa">https://www.buildingcontrol.org/ldsa</a> |
| Public note | View the website free of charge at www.buildingcontrol.org/ldsa... |
| 942 ## - ADDED ENTRY ELEMENTS (KOHA) | |
| Suppress in OPAC | 0 |
| Withdrawn status | Lost status | Source of classification or shelving scheme | Damaged status | Not for loan | Home library | Current library | Shelving location | Date acquired | Total Checkouts | Full call number | Barcode | Date last seen | Copy number | Price effective from | Koha item type |
|---|---|---|---|---|---|---|---|---|---|---|---|---|---|---|---|
| Dewey Decimal Classification | Virtual | Virtual | Online | 30/08/2002 | WEB SITE | 119495-2001 | 06/08/2019 | 1 | 06/08/2019 | Online material |